000
00266nam a22001337a 4500
020
_a
0-7214-0002
082
_a
823
_b
MUR/W
100
_a
MURRAY, W
245
_a
WE HAVE FUN
260
_a
UK
_b
LADY BIRD
300
_a
50
650
_a
ENGLISH SHORT STORY
942
_c
BK
999
_c
2561
_d
2561